[Event "DEM U18w 2017"]
[Site "Willingen GER"]
[Date "2017.06.08"]
[Round "7"]
[White "Wallat, Jessica"]
[Black "Schilay, Eva"]
[Result "0-1"]
[Termination "normal"]
[Board "10"]
[WhiteElo "1706"]
[BlackElo "1665"]
[PlyCount "96"]
[WhiteFideId "12909637"]
[BlackFideId "12930164"]
[EventCountry "GER"]
[EventRounds "9"]
[EventType "swiss"]
[EventDate "2017.06.03"]

1. e4 d6 2. d4 Nf6 3. Nc3 e5 4. Nf3 Nbd7 5. g4 Nxg4 6. Rg1 exd4 7. Qxd4 Nde5 8.
Nxe5 Nxe5 9. Be2 c6 10. Be3 c5 11. Qd2 Be6 12. O-O-O Qe7 13. Nb5 Bc4 14. Bxc4
Nxc4 15. Qd5 Nxe3 16. fxe3 O-O-O 17. Nxa7+ Kb8 18. Nb5 Qd7 19. Qd3 Qc6 20. c4
f6 21. Qa3 Qa6 22. Qb3 Re8 23. Nc3 h5 24. Rd2 h4 25. Rgd1 Rh5 26. Kb1 Rhe5 27.
Rd5 f5 28. exf5 Rxe3 29. Qb5 Qxb5 30. Nxb5 R8e5 31. Nxd6 Bxd6 32. Rxd6 Rxf5 33.
Rg6 Re2 34. a3 Rff2 35. Rb6 Kc7 36. Rb5 b6 37. Rd3 Rxh2 38. Rdb3 Re6 39. a4 h3
40. Rf3 Rh1+ 41. Ka2 h2 42. Rh3 Rh6 43. Rbb3 Rxh3 44. Rxh3 g5 45. Kb3 g4 46.
Rh7+ Kc6 47. Kc3 Rc1+ 48. Kd2 h1=Q 0-1

[Event "DEM U18w 2017"]
[Site "Willingen GER"]
[Date "2017.06.08"]
[Round "7"]
[White "Shirov-Michna, Masza"]
[Black "Silber, Stefanie"]
[Result "0-1"]
[Termination "normal"]
[Board "11"]
[WhiteElo "1343"]
[BlackElo "1644"]
[PlyCount "104"]
[WhiteFideId "12921998"]
[BlackFideId "12918245"]
[EventCountry "GER"]
[EventRounds "9"]
[EventType "swiss"]
[EventDate "2017.06.03"]

1. Nf3 c6 2. g3 d5 3. Bg2 Nf6 4. O-O Bf5 5. b3 Nbd7 6. Bb2 Qc7 7. d3 e5 8. Nbd2
Bd6 9. c4 O-O 10. Rc1 Qa5 11. Bc3 Bb4 12. Bxb4 Qxb4 13. cxd5 cxd5 14. Re1 Rac8
15. e4 Bg4 16. h3 Bxf3 17. Nxf3 d4 18. Re2 Qd6 19. h4 Nc5 20. Rec2 a5 21. Bf1
Rc6 22. Nd2 b5 23. a4 Rb8 24. Rb2 Nfd7 25. axb5 Rxb5 26. Nc4 Qc7 27. Ra1 Nb7
28. Qe1 h6 29. b4 Ra6 30. bxa5 Rxb2 31. Nxb2 Rxa5 32. Nc4 Rxa1 33. Qxa1 Nb6 34.
Na5 Qc3 35. Qxc3 dxc3 36. Nb3 Na4 37. Nc1 Na5 38. Bh3 Nc5 39. Bg4 c2 40. Be2
Nab3 41. Na2 Na4 42. d4 exd4 43. Bd3 c1=Q+ 44. Nxc1 Nxc1 45. Bc2 Nc3 46. Kf1 d3
47. Bxd3 Nxd3 48. f3 Kf8 49. Kg2 Ke7 50. Kh3 Nf2+ 51. Kg2 Nfxe4 52. fxe4 Nxe4
0-1

[Event "DEM U18w 2017"]
[Site "Willingen GER"]
[Date "2017.06.08"]
[Round "7"]
[White "Caliebe, Nanke"]
[Black "Kümmel, Tina"]
[Result "1-0"]
[Termination "normal"]
[Board "13"]
[WhiteElo "1447"]
[BlackElo "1433"]
[PlyCount "77"]
[WhiteFideId "12980528"]
[BlackFideId "12979368"]
[EventCountry "GER"]
[EventRounds "9"]
[EventType "swiss"]
[EventDate "2017.06.03"]

1. d4 Nf6 2. Nf3 g6 3. Bf4 Bg7 4. e3 O-O 5. h3 d6 6. Bc4 Nbd7 7. O-O c5 8. c3
h6 9. Nbd2 a6 10. a4 b6 11. Qc2 Bb7 12. Bd3 Rc8 13. dxc5 Nxc5 14. Be2 Rc7 15.
Nc4 Be4 16. Qd1 Nfd7 17. Ncd2 Nd3 18. Nxe4 Nxb2 19. Qb3 Qa8 20. Nfd2 Nc5 21.
Nxc5 Rxc5 22. Bf3 d5 23. Qxb2 Bxc3 24. Qxb6 Rc6 25. Qb3 Bxa1 26. Rxa1 e6 27.
Bxh6 Rb8 28. Qd3 Kh7 29. Bf4 Rbc8 30. Qd4 Qb7 31. Bg5 f5 32. Rb1 Rc1+ 33. Rxc1
Rxc1+ 34. Kh2 Qc7+ 35. Bf4 Qb7 36. Be5 g5 37. e4 fxe4 38. Nxe4 Kg6 39. Qe3 1-0